Numbers quiz - Statistics

General Stats
  • This quiz has been taken 39 times
    34 since last reset
  • The average score is 9 of 14
Answer Stats
Hint Answer % Correct
Lonely number 1
100%
Nothing 0
95%
A pair 2
95%
Last primary number under 10 7
86%
4 times itself 16
82%
5 times itself 25
82%
10x11= 110
77%
Half of 500 250
77%
Official unlucky number 13
68%
Hundredth number from 0 99
64%
(18-16+19)x2= 42
59%
United Nations members in 2024 193
27%
2025 divided by 9 225
23%
Every answer of this quiz combined 1097
0%
No matching quizzes found
Score Distribution
Percent of People with Each Score
Percentile by Number Answered
Your Score History
You have not taken this quiz since the last reset